<?xml version="1.0" encoding="UTF-8"?>
<marc:record xmlns:marc="http://www.loc.gov/MARC21/slim">
   <marc:leader>00000nam a2200000 a 4500</marc:leader>
   <marc:datafield ind1="1" ind2=" " tag="100">
      <marc:subfield code="a">Poljakowa, Olga</marc:subfield>
      <marc:subfield code="4">ctb</marc:subfield>
      <marc:subfield code="e">Mitwirkende/-r</marc:subfield>
   </marc:datafield>
   <marc:datafield ind1="0" ind2="0" tag="245">
      <marc:subfield code="a">Der Nussknacker</marc:subfield>
   </marc:datafield>
   <marc:datafield ind1="0" ind2="0" tag="245">
      <marc:subfield code="c">E. T. A. Hoffmann. Nacherzählt von Günter Raake mit Musik von Peter Tschaikowski</marc:subfield>
   </marc:datafield>
   <marc:datafield ind1=" " ind2="1" tag="264">
      <marc:subfield code="a">Bindlach</marc:subfield>
      <marc:subfield code="b">Gondrom</marc:subfield>
      <marc:subfield code="c">2008</marc:subfield>
   </marc:datafield>
   <marc:datafield ind1=" " ind2=" " tag="250">
      <marc:subfield code="a">1. Aufl.</marc:subfield>
   </marc:datafield>
   <marc:datafield ind1="1" ind2=" " tag="520">
      <marc:subfield code="a">Angaben aus der Verlagsmeldung

Der Nussknacker / von E T A Hoffmann

Endlich ist Heiligabend! Marie und Fritz freuen sich schon sehr auf die Bescherung. Den Nussknacker, den ihr Onkel Drosselmeier schenkt, schließt Marie gleich ins Herz. Und als sie in der Nacht noch einmal nach ihrem neuen Spielzeug sehen will, entführt sie der Nussknacker in eine fantastische Welt voller Prinzessinnen und Süßigkeiten … Peter Tschaikowskis beliebtes Ballet gehört in vielen Theatern – gerade in der Vorweihnachtszeit – zum Repertoire. Festliche Illustrationen und eine CD mit den bekanntesten Stücken aus Tschaikowskis Ballett sowie der beliebten Erzählung von E.T.A. Hoffmann machen dieses Musik-Bilderbuch zu einem Seh- und Hörerlebnis der besonderen Art.
</marc:subfield>
   </marc:datafield>
   <marc:datafield ind1=" " ind2=" " tag="020">
      <marc:subfield code="a">9783811231146</marc:subfield>
      <marc:subfield code="9">9783811231146</marc:subfield>
   </marc:datafield>
   <marc:datafield ind1=" " ind2=" " tag="041">
      <marc:subfield code="a">ger</marc:subfield>
   </marc:datafield>
   <marc:datafield ind1=" " ind2=" " tag="300">
      <marc:subfield code="a">34] S.</marc:subfield>
   </marc:datafield>
</marc:record>
